तुकाराम महाराजांचे निवडक एक हजार अभंग (Record no. 491723)
[ view plain ]
| 000 -LEADER | |
|---|---|
| fixed length control field | 00561nam a22001697a 4500 |
| 003 - CONTROL NUMBER IDENTIFIER | |
| control field | OSt |
| 005 - DATE AND TIME OF LATEST TRANSACTION | |
| control field | 20120302150247.0 |
| 008 - FIXED-LENGTH DATA ELEMENTS--GENERAL INFORMATION | |
| fixed length control field | 090624t xxu||||| |||| 00| 0 eng d |
| 035 ## - SYSTEM CONTROL NUMBER | |
| System control number | ५७८२ |
| 040 ## - CATALOGING SOURCE | |
| Transcribing agency | मराठी |
| 245 ## - TITLE STATEMENT | |
| Title | तुकाराम महाराजांचे निवडक एक हजार अभंग |
| 250 ## - EDITION STATEMENT | |
| Edition statement | २ री |
| 260 ## - PUBLICATION, DISTRIBUTION, ETC. (IMPRINT) | |
| Place of publication, distribution, etc | पुणे |
| Name of publisher, distributor, etc | वरदा |
| Date of publication, distribution, etc | १९९७ |
| 300 ## - PHYSICAL DESCRIPTION | |
| Other physical details | २७० पाने |
| 700 ## - ADDED ENTRY--PERSONAL NAME | |
| Personal name | संपा.- टिपणीस, गो . गो . |
| 9 (RLIN) | 6719 |
| 942 ## - ADDED ENTRY ELEMENTS (KOHA) | |
| Source of classification or shelving scheme | Dewey Decimal Classification |
| Koha item type | Book |
| Withdrawn status | Lost status | Source of classification or shelving scheme | Damaged status | Not for loan | Home library | Current library | Date acquired | Cost, normal purchase price | Total Checkouts | Barcode | Date last seen | Price effective from |
|---|---|---|---|---|---|---|---|---|---|---|---|---|
| Dewey Decimal Classification | Dr. Bedekar Vidya Mandir Library | Dr. Bedekar Vidya Mandir Library | 06/24/2009 | 0.00 | 5782 | 03/19/2010 | 03/19/2010 |